| 000 | 00659nam a2200193 4500 | ||
|---|---|---|---|
| 001 | 137530 | ||
| 003 | ES-MaACL | ||
| 005 | 20230906195406.0 | ||
| 007 | t| | ||
| 008 | 070214s1916 sp r ||||1| spa d | ||
| 100 | 1 |
_aSánchez Cantón, Francisco Javier, _d1891-1971 _9102521 |
|
| 245 | 1 | 4 |
_aLos pintores de cámara de los reyes de España / _cFrancisco Javier Sánchez Cantón. |
| 260 |
_aMadrid : _b[s.n.], _c1916 ( _fFototipia de Hauser y Menet) |
||
| 300 |
_a186 p., 9 lám. ; _c27 cm. |
||
| 650 | 4 |
_aPintores- _zEspaña- _xBiografías. _9149394 |
|
| 710 | 2 |
_aHauser y Menet (Madrid) _94558 |
|
| 852 |
_aES-MaACL _jC-15357 |
||
| 999 |
_c137530 _d137530 |
||